000
00221nam a2200097Ia 4500
005
20251222114410.0
008
251222s1900||||xx |||||||||||||| ||spa||
082
_a
DVD0070/H12/1982
245
0
_a
Reto al destino:
942
_c
DVD
999
_c
1986
_d
1986